000 00304nam a22001337a 4500
008 170608b xxu||||| |||| 00| 0 eng d
020 _a9780847686155
041 _aeng
080 _a32
100 _a18
101 _aSHP
245 _aTHE CHANGING POLITICS OF GUN CONTROL
_cBRUCE,J.M
942 _2udc
_cBK
999 _c16526
_d16526